Estatísticas para Quiz do Ceará

Clique aqui para jogar o quiz

Estatísticas Gerais

  • Esse quiz foi jogado 225 vezes
  • A pontuação média é 13 de 20

Estatísticas das Respostas

DicaResposta% Correto
CapitalFortaleza
99%
Estados fazendo fronteira
com o Ceará
Piauí
93%
Estados fazendo fronteira
com o Ceará
Rio Grande
do Norte
91%
Estados fazendo fronteira
com o Ceará
Pernambuco
89%
Bioma predominante do CearáCaatinga
87%
Estados fazendo fronteira
com o Ceará
Paraíba
83%
Padre que obteve grande prestígio
e influência sobre a vida social,
política e religiosa do Ceará
Padre {Cícero}
79%
Maior parque aquático
da América Latina
Beach Park
74%
País que invadiu a região no
século XVII, quando o Ceará
ainda era colônia de Portugal
Países Baixos
71%
Maior cidade do sul do estadoJuazeiro do
Norte
70%
Cidade conhecida internacionalmente
por ter sido o local de comprovação
da teoria da relatividade geral
Sobral
69%
Governador atualCamilo Santana
64%
Ceará é o maior produtor
deste doce do mundo
Rapadura
60%
Segunda maior cidade, na
Região Metropolitana da capital
Caucaia
59%
Escritora cearense que ganhou o
Prêmio Camões de 1993
Rachel de Queiroz
47%
Cearenses que foram presidentes
da república
Castelo Branco
39%
Rio mais longoRio {Jaguaribe}
36%
Significado do nome "Ceará"
(mais conhecida)
O cantar
da {jandaia}
19%
Cearenses que foram presidentes
da república
José Linhares
15%
Pico mais altoPico da {Serra}
{Branca}
8%

Distribuição das Pontuações

Percentil de Números Respondidos

Porcentagem de Pessoas com Cada Pontuação

Sua Pontuação Histórica

Você não jogou esse quiz